| 000 | 00000nam##2200000za#4500 |
| 001 | 9.688770 |
| 003 | CaOODSP |
| 005 | 20210624231602 |
| 007 | cr ||||||||||| |
| 008 | 150407|1997||||xxc|||||o f|0| 0 eng|d |
| 040 | |aCaOODSP|beng |
| 043 | |an-cn--- |
| 086 | 1 |aSW21-68/1997E-PDF |
| 110 | 1 |aCanada. |bStatus of Women Canada. |
| 245 | 10|aCanada's international activities to promote the advancement of women : |h[electronic resource]|bhighlights (1990-1997) |
| 260 | |aOttawa - Ontario : |bStatus of Women Canada |c1997. |
| 300 | |a15p. |
| 590 | |a06-10-Supp|b2006-12-15 |
| 690 | 07|aGender discrimination|2gcpds |
| 690 | 07|aStatus of women|2gcpds |
| 690 | 07|aViolence against women|2gcpds |
| 775 | 08|tPoints saillants des activités internationales du canada pour promouvoir l'avancement de la femme (1990-1997) |w(CaOODSP)9.633189 |
| 856 | 40|ahttp://publications.gc.ca|qPDF|s33 KB|uhttps://publications.gc.ca/collections/Collection/SW21-68-1997E.pdf |